00375nam a2200109Ia 4500008004100000082000800041100002100049245007700070942000600147952009700153999001500250240331s9999 xx 000 0 und d bTOW aSalahuddin,K. ed 0aTowards Beijing and beyond :bwomen shaping policies in areas of concern cL 001040708LaWERCLbWERCLcSSCd2024-03-31l0o 305.4 TOWp4273r2024-03-31w2024-03-31yL c5520d5520